OUTLINES OF BRITISH HISTORY 55 B.E TO THE PEACE OF VERSAILLES A. D. 1919 (Record no. 567960)
[ view plain ]
| 000 -LEADER | |
|---|---|
| fixed length control field | 00290nam a22001097a 4500 |
| 082 ## - DEWEY DECIMAL CLASSIFICATION NUMBER | |
| Classification number | 941 WYA'O |
| 100 ## - MAIN ENTRY--PERSONAL NAME | |
| Personal name | WYATT, DAVIES E |
| 9 (RLIN) | 57687 |
| 245 ## - TITLE STATEMENT | |
| Title | OUTLINES OF BRITISH HISTORY 55 B.E TO THE PEACE OF VERSAILLES A. D. 1919 |
| 260 ## - PUBLICATION, DISTRIBUTION, ETC. | |
| Place of publication, distribution, etc. | LONDON |
| Name of publisher, distributor, etc. | LONGMANS |
| Date of publication, distribution, etc. | 1922 |
| 300 ## - PHYSICAL DESCRIPTION | |
| Extent | 278P |
| 942 ## - ADDED ENTRY ELEMENTS (KOHA) | |
| Koha item type | Book |
| Withdrawn status | Lost status | Damaged status | Not for loan | Permanent Location | Current Location | Shelving location | Date acquired | Total Checkouts | Full call number | Barcode | Date last seen | Price effective from | Koha item type |
|---|---|---|---|---|---|---|---|---|---|---|---|---|---|
| College of Electrical & Mechanical Engineering (CEME) | College of Electrical & Mechanical Engineering (CEME) | General Stacks | 07/13/2017 | 941 WYA'O | CEME-3819 | 06/28/2021 | 06/28/2021 | Book |
